000
00300 a2200109 4500
001
ART_44141
005
20260410161629.0
008
260409a
245
1
0
_a
Efectos contables del post blanqueo
100
1
_a
Bello, Alberto M.
773
0
_t
Enfoques
_g
- NÂș 10 (oct. 2017)
_w
REV416
999
_c
12312
_d
12312